[Event "Host Monrad"]
[Site "Tonsberg"]
[Date "2004.10.11"]
[Round "3"]
[White "Beck, Anders Knudsen"]
[Black "Christensen, Roger"]
[Result "1-0"]
[WhiteElo "1476"]
[BlackElo "1427"]
[PlyCount "49"]
[EventDate "2004.09.13"]
[EventType "swiss"]
[EventRounds "7"]
[EventCountry "NOR"]
[SourceTitle "EXT 2007"]
[Source "ChessBase"]
[SourceDate "2006.11.23"]
[SourceVersion "1"]
[SourceVersionDate "2006.11.23"]
[SourceQuality "1"]

1. e4 e5 2. Nf3 d6 3. d4 Bg4 4. dxe5 Nd7 5. exd6 Bxd6 6. Bd3 Qe7 7. Nc3 c6 8. Be3 Ngf6 9. 0-0 Ne5 10. Be2 Nxf3+ 11. Bxf3 Qe5 12. g3 Qh5 13. Bxg4 Nxg4 14. h4 0-0-0 15. Qf3 Rhf8 16. Bxa7 f5 17. Rad1 f4 18. Rxd6 Rxd6 19. e5 Re6 20. Re1 g5 21. Ne4 gxh4 22. Qa3 Rd8 23. Bb6 Rd5 24. Qa8+ Kd7 25. Qd8# 1-0